| 000 | 01086nam a22002057a 4500 | ||
|---|---|---|---|
| 003 | CO-CtgCURN | ||
| 005 | 20250424131551.0 | ||
| 008 | 250424b |||||||| |||| 00| 0 eng d | ||
| 040 |
_aCO-CtgCURN _bspa _ccoctgcurn |
||
| 082 |
_219 ed _a611.2 _bS783 |
||
| 100 | _aStammberger, Heinz. | ||
| 245 |
_aFunctional Endoscopic Sinus Surgery : _bEl acceso endoscópico al seno frontal. Una técnica quirúrgica de la escuela de Graz _cHeinz Stammberger |
||
| 260 |
_aAlemania: _bEditorial Endo-Press _c2000 |
||
| 300 |
_a40 páginas, _bilustraciones, fotografías a color. |
||
| 505 | _aIntroducción-- Anatomía y fisiología del receso frontal y del seno frontal.-- Variantes de la apófisis unciforme.-- "Uncaping the Egg" El huevo del desayuno. -- Cuidados posteriores.-- Telescopios e instrumentos .-- Representación de los distintos pasos quirúrgicos en un preparado anatómico con topografía sencilla.-- | ||
| 650 | _aEndoscopia nasal. | ||
| 650 |
_aSeno frontal _xAnatomía |
||
| 650 |
_aSeno frontal _vFisiología |
||
| 942 |
_2ddc _cBK _h611.2 _iS783 _n0 |
||
| 999 |
_c30919 _d30919 |
||